Central Library OPAC University of Rajshahi

আধুনিক বাঙলা গীতিকবিতা : (Record no. 40199)

MARC details
000 -LEADER
fixed length control field 01085nam a2200253 a 4500
001 - CONTROL NUMBER
control field 40199
003 - CONTROL NUMBER IDENTIFIER
rucl marc code BD-RjUL
005 - DATE AND TIME OF LATEST TRANSACTION
control field 20211209053147.0
008 - FIXED-LENGTH DATA ELEMENTS--GENERAL INFORMATION
fixed length control field 160424s1989 ii ||||| b||| 00| 0 ben d
020 ## - INTERNATIONAL STANDARD BOOK NUMBER
Terms of availability : IRs. 50.00
035 ## - SYSTEM CONTROL NUMBER
System control number (BD-RjUL) 40314
040 ## - CATALOGING SOURCE
Original cataloging agency BD-RjUL
Language of cataloging ben
Transcribing agency BD-RjUL
041 ## - LANGUAGE CODE
Language code of text/sound track or separate title ben
082 ## - DEWEY DECIMAL CLASSIFICATION NUMBER
Edition number 23
Classification number 891.44109
Author mark and year ROA 1991
100 ## - MAIN ENTRY--PERSONAL NAME
Personal name রায়, জীবেন্দ্র সিংহ
9 (RLIN) 123792
245 10 - TITLE STATEMENT
Title আধুনিক বাঙলা গীতিকবিতা :
Remainder of title ওড: উনিশ শতক /
Statement of responsibility, etc. জীবেন্দ্র সিংহ রায়
250 ## - EDITION STATEMENT
Edition statement পরিমার্জিত ২য় সং.
260 ## - PUBLICATION, DISTRIBUTION, ETC. (IMPRINT)
Place of publication, distribution, etc. কলকাতা :
Name of publisher, distributor, etc. সাহিত্যলোক,
Date of publication, distribution, etc. ১৯৮৯
300 ## - PHYSICAL DESCRIPTION
Pagination [৯], ২৫৪ পৃ. ;
Size ২১ সেমি.
504 ## - BIBLIOGRAPHY, ETC. NOTE
Bibliography, etc ফুটনোট এবং নির্ঘণ্ট সংযুক্ত
650 ## - SUBJECT ADDED ENTRY--TOPICAL TERM
Topical term or geographic name as entry element বাংলা কবিতা
General subdivision ইতিহাস ও সমালোচনা
9 (RLIN) 123793
Topical term or geographic name as entry element Bengali Poetry
General subdivision History and Criticism
9 (RLIN) 123794
942 ## - ADDED ENTRY ELEMENTS (KOHA)
Source of classification or shelving scheme Dewey Decimal Classification
Koha item type Books
Holdings
Lost status Source of classification or shelving scheme Damaged status Not for loan Collection code Permanent Location Current Location Shelving location Date acquired Source of acquisition Cost, normal purchase price Total Checkouts Full call number Date last seen Copy number Koha item type
  Dewey Decimal Classification   Not For Loan Non-fiction Central Library, University of Rajshahi Central Library, University of Rajshahi Reading Room 29/09/1996 Ankur Prokasoni 50.00   B 891.44109 ROA 1989 24/04/2016 C-1 Books
  Dewey Decimal Classification     Non-fiction Central Library, University of Rajshahi Central Library, University of Rajshahi   21/03/2006 Dhaka : Paragon 50.00   B 891.44109 ROA 1989 12/05/2016 C-2 Books
  Dewey Decimal Classification     Non-fiction Central Library, University of Rajshahi Central Library, University of Rajshahi   23/05/2007 ঢাকা, প্যারাগন ইন্টারপ্রাইজ লিঃ 50.00   B 891.44109 ROA 1989 11/08/2016 C-3 Books
  Dewey Decimal Classification     Non-fiction Central Library, University of Rajshahi Central Library, University of Rajshahi   29/12/1996 অংকুর প্রাঃ 50.00   B 891.44109 ROA 1989 11/08/2016 C-4 Books
  Dewey Decimal Classification     Non-fiction Central Library, University of Rajshahi Central Library, University of Rajshahi     ঢাকা, প্যারাগন ইন্টারপ্রাইজ লিঃ 50.00   B 891.44109 ROA 1989 11/08/2016 C-5 Books
  Dewey Decimal Classification     Non-fiction Central Library, University of Rajshahi Central Library, University of Rajshahi   11/08/2016 ঢাকা, প্যারাগন 50.00   B 891.44109 ROA 1991 11/08/2016 C-6 Books